5HLuxD.jpg

KING HENRY VIII SENIOR AND PRIMARY SCHOOL LIBRARY OPAC

The inch prince / (Record no. 2338)

000 -LEADER
fixed length control field 00907nam a22003018a 4500
001 - CONTROL NUMBER
control field 014749350
003 - CONTROL NUMBER IDENTIFIER
control field Uk
005 - DATE AND TIME OF LATEST TRANSACTION
control field 20230419113612.0
008 - FIXED-LENGTH DATA ELEMENTS--GENERAL INFORMATION
fixed length control field 080903s2008 enka j 000 f eng d
015 ## - NATIONAL BIBLIOGRAPHY NUMBER
National bibliography number GBA8A7417
Source bnb
016 7# - NATIONAL BIBLIOGRAPHIC AGENCY CONTROL NUMBER
Record control number 014749350
Source Uk
020 ## - INTERNATIONAL STANDARD BOOK NUMBER
International Standard Book Number 9780746096901 (hbk.) :
040 ## - CATALOGING SOURCE
Original cataloging agency StDuBDS
Language of cataloging eng
Transcribing agency StDuBDS
Modifying agency KH8
082 04 - DEWEY DECIMAL CLASSIFICATION NUMBER
Classification number 823.92 PUN
Edition number 22
100 1# - MAIN ENTRY--PERSONAL NAME
Personal name Punter, Russell.
Relator term Author
245 14 - TITLE STATEMENT
Title The inch prince /
Statement of responsibility, etc. retold by Russell Punter ; illustrated by Matt Ward ; reading consultant, Alison Kelly.
260 ## - PUBLICATION, DISTRIBUTION, ETC.
Place of publication, distribution, etc. London :
Name of publisher, distributor, etc. Usborne,
Date of publication, distribution, etc. 2008.
263 ## - PROJECTED PUBLICATION DATE
Projected publication date 200812
300 ## - PHYSICAL DESCRIPTION
Extent 48 p. :
Other physical details col. ill. ;
Dimensions 20 cm.
336 ## - CONTENT TYPE
Content type term text
Source rdacontent
337 ## - MEDIA TYPE
Media type term unmediated
Source rdamedia
338 ## - CARRIER TYPE
Carrier type term volume
Source rdacarrier
490 0# - SERIES STATEMENT
Series statement Usborne first reading. Level four
655 #0 - INDEX TERM--GENRE/FORM
Genre/form data or focus term Children's stories.
700 1# - ADDED ENTRY--PERSONAL NAME
Personal name Ward, Matt
Relator term Illustrator
700 1# - ADDED ENTRY--PERSONAL NAME
Personal name Kelly, Alison.
942 ## - ADDED ENTRY ELEMENTS (KOHA)
Source of classification or shelving scheme
Koha item type Books - Fiction
Holdings
Withdrawn status Lost status Source of classification or shelving scheme Damaged status Not for loan Collection code Permanent Location Current Location Shelving location Date acquired Total Checkouts Full call number Barcode Date due Date last seen Date last checked out Price effective from Koha item type
          Fiction KH8 Primary School Library KH8 Primary School Library Non Fiction 2023-04-19 13 823.92 PUN KHPL000004087 2026-04-24 2026-04-16 2026-04-16 2023-04-19 Books - Fiction

Powered By KH8 IT Dept